Normal view
MARC view
- Ayoub, Mahmoud M.
Entry Personal Name
001 - CONTROL NUMBER
- control field: 2618
003 - CONTROL NUMBER IDENTIFIER
- control field: OSt
005 - DATE AND TIME OF LATEST TRANSACTION
- control field: 20170509102130.0
008 - FIXED-LENGTH DATA ELEMENTS
- fixed length control field: 170509|| aca||aabn | a|a d
040 ## - CATALOGING SOURCE
- Original cataloging agency: OSt
- Transcribing agency: OSt
100 ## - HEADING--PERSONAL NAME
- Personal name: Ayoub, Mahmoud M.
670 ## - SOURCE DATA FOUND
- Source citation: Work cat.: (OSt)0: Ayoub, Mahmoud M., Islam iman dan amal /, 1996

PORTAL AKMAL
E-MEL JKDM
AKMAL2U
G-BAM
u-PUSTAKA